000 00316nam a2200133Ia 4500
008 240624s9999 xx 000 0 und d
041 _aeng
082 _a828 BAN
100 _aBANERJEE JAYDEEP
245 _aSERVING YOU
260 _c2013
_aNew Delhi
_bFrog Books
300 _a220 : p. : cm. ; 26
365 _cRS
_b25
999 _c23727
_d23727